书目信息 |
| 题名: |
城市土地优化配置与集约利用评价
|
|
| 作者: | 郑新奇 著 | |
| 分册: | ||
| 出版信息: | 北京 科学出版社 2004 |
|
| 页数: | 14,248页 | |
| 开本: | 24cm | |
| 丛书名: | ||
| 单 册: | ||
| 中图分类: | F293.2 , F299.232 | |
| 科图分类: | ||
| 主题词: | 城市 , 土地资源 , 城市--土地资源--资源利用 , 资源利用 | |
| 电子资源: | ||
| ISBN: | 7-03-014604-2 | |
| 000 | 01056nam0 2200289 450 | |
| 000 | 01032nam0 2200277 450 | |
| 000 | 00963nam0 2200253 450 | |
| 000 | 00926nam0 2200241 45 | |
| 005 | 20070525130354.56 | |
| 010 | @a7-03-014604-2@dCNY33.00 | |
| 100 | @a20070419d2004 em y0chiy0120 ea | |
| 101 | 0 | @achi |
| 102 | @aCN@b110000 | |
| 105 | @aab z 000yy | |
| 200 | 1 | @a城市土地优化配置与集约利用评价@ACheng Shi Tu Di You Hua Pei Zhi Yu Ji Yue Li Yong Ping Jia@e理论、方法、技术、实证@ELi Lun、 Fang Fa、 Ji Shu、 Shi Zheng@f郑新奇著@FZheng Xin Qi Zhu |
| 210 | @a北京@c科学出版社@d2004 | |
| 215 | @a14,248页@c图,地图@d24cm | |
| 330 | @a本书以城市土地为研究对象,利用大量遥感数据、地籍数据等资料,对城市土地利用的景观格局进行了分析,利用多种方法进行优化配置和集约利用评价。 | |
| 606 | 0 | @a城市 |
| 606 | 0 | @a土地资源 |
| 606 | 0 | @a城市@x土地资源@x资源利用 |
| 606 | 0 | @a资源利用 |
| 690 | @aF293.2@v4 | |
| 690 | @aF299.232@v3 | |
| 701 | 0 | @a郑新奇@AZheng Xin Qi@f(1963~)@4著 |
| 801 | 0 | @aCN@bTAOJIN@c20070525 |
| 905 | @a10447@dF299.232@e499 | |
| 城市土地优化配置与集约利用评价:理论、方法、技术、实证/郑新奇著.-北京:科学出版社,2004 |
| 14,248页:图,地图;24cm |
| ISBN 7-03-014604-2:CNY33.00 |
| 本书以城市土地为研究对象,利用大量遥感数据、地籍数据等资料,对城市土地利用的景观格局进行了分析,利用多种方法进行优化配置和集约利用评价。 |
| ● |
| 相关链接 |
|
|
|
|
正题名:城市土地优化配置与集约利用评价
索取号:F299.232/499
 
预约/预借
| 序号 | 登录号 | 条形码 | 馆藏地/架位号 | 状态 | 备注 |
| 1 | 0522565 | 205225656 | 第一样本阅览室/ [索取号:F299.232/499] | 在馆 | |
| 2 | 0522566 | 205225665 | 第一借阅区/ [索取号:F299.232/499] | 在馆 | |
| 3 | 0522567 | 205225674 | 第一借阅区/ [索取号:F299.232/499] | 在馆 | |
| 4 | 0522568 | 205225683 | 第一借阅区/ [索取号:F299.232/499] | 在馆 | |
| 5 | 0522569 | 205225692 | 第一借阅区/ [索取号:F299.232/499] | 在馆 | |
| 6 | 0522570 | 205225709 | 密集书库/ [索取号:F299.232/499] | 在馆 | |
| 7 | 0522571 | 205225718 | 密集书库/ [索取号:F299.232/499] | 在馆 | |
| 8 | 0522572 | 205225727 | 密集书库/ [索取号:F299.232/499] | 在馆 | |
| 9 | 0522573 | 205225736 | 密集书库/ [索取号:F299.232/499] | 在馆 | |
| 10 | 0522574 | 205225745 | 密集书库/ [索取号:F299.232/499] | 在馆 | |
| 11 | 0522575 | 205225754 | 密集书库/ [索取号:F299.232/499] | 在馆 |